Implementing the World Intellectual Property Organizations Development Agenda/ (Record no. 201168)

MARC details
000 -LEADER
fixed length control field 00591nam a22001937a 4500
005 - DATE AND TIME OF LATEST TRANSACTION
control field 20240229165455.0
010 ## - LCCN (DPL NO)
LC control number ENG-139349
020 ## - INTERNATIONAL STANDARD BOOK NUMBER
International Standard Book Number 9788192102320
Terms of availability 795.00
035 ## - SYSTEM CONTROL NUMBER
System control number EN-122881
037 ## - SOURCE OF ACQUISITION
Stock number dpl
037 ## - SOURCE OF ACQUISITION
Source of stock number/acquisition DBAD/PUB
082 ## - DEWEY DECIMAL CLASSIFICATION NUMBER
Classification number 347.779
100 ## - MAIN ENTRY--PERSONAL NAME
Personal name Beer,Jeremy de
245 ## - TITLE STATEMENT
Title Implementing the World Intellectual Property Organizations Development Agenda/
Statement of responsibility, etc By Jeremy de Beer
Medium English
260 ## - PUBLICATION, DISTRIBUTION, ETC. (IMPRINT)
Place of publication, distribution, etc New Delhi
Name of publisher, distributor, etc Bookwell Publication
Date of publication, distribution, etc 2011
270 ## - ADDRESS
City New Delhi
Postal code 110002
300 ## - PHYSICAL DESCRIPTION
Extent xv,184p.
Dimensions 25cm(hbk)
942 ## - ADDED ENTRY ELEMENTS (KOHA)
Source of classification or shelving scheme Dewey Decimal Classification
Item type English Books
Classification part 347.779
Call number suffix BEE
Holdings
Withdrawn status Lost status Not for loan Collection code Home library Current library Date acquired Source of acquisition Cost, normal purchase price Full call number Barcode Copy number Cost, replacement price Koha item type
      Non-fiction Peshwa Road Peshwa Road 29/02/2024 DBAD/PUB 795.00 347.779 BEE EN-122881 1 795.00 English Books

© Delhi Public Library
Hit Counter
free hit counter